| 000 | 00351nam a2200109Ia 4500 | ||
|---|---|---|---|
| 008 | 220204s9999 xx 000 0 und d | ||
| 082 |
_aNR:63:930.25 _bARC.34 |
||
| 245 | 0 | _aComparison of methods of fertiliser application in young rubber. Data from four field experiments | |
| 260 |
_aMalaysia _bRRIM _c1964 |
||
| 490 | _aRRIM Archives No.34 | ||
| 942 | _cBK | ||
| 999 |
_c22751 _d22751 |
||